000 00374nam a22001697a 4500
003 MPLRDC
005 20220104123956.0
008 210129b ||||| |||| 00| 0 eng d
082 _a802.7 YSD
100 _a杨树达著
245 _a词诠
_c
250 _a一版
260 _a
_b台湾商务印书馆
_c1959
300 _b
650 _a
942 _cBK
_o802.7 YSD
999 _c15671
_d15661